00460nam a2200121Ia 4500008004100000100002300041245007600064245005600140260000900196856004100205999001900246952007300265160531s9999 xx 000 0 und d aAllahverhyan, A.E. aUnderstanding Quantum Measurement from the Solution of Dynamical Models cby A.E. Allahverdyan, R. Balian, T.M. Nieuwenhuizen c2012 uhttp://arxiv.org/pdf/1107.2138v4.pdf c295259d295259 001040aCLbCLd2016-05-31l0r2016-05-31 00:00:00w2016-05-31yCBE